Statistics for Bands by Obscure Song #1

Click here to take the quiz!

General Stats

  • This quiz has been taken 13 times
  • The average score is 6 of 20

Answer Stats

SongBand% Correct
Scentless ApprenticeNirvana
100%
Mean Mr MustardThe Beatles
60%
Trapped Under IceMetallica
50%
CornerstoneArctic Monkeys
40%
PoltikColdplay
40%
Having A BlastGreen Day
40%
Any Colour You LikePink Floyd
40%
You're Crashing, But You're No WaveFall Out Boy
30%
Out Ta Get MeGuns N' Roses
30%
Be MyselfLinkin Park
30%
Climbing Up The WallsRadiohead
30%
Trivia 起: Just DanceBTS
20%
SpiderheadCage The Elephant
20%
Butterflies And HurricanesMuse
20%
No Good In GoodbyeThe Script
20%
Empire (Let Them Sing)Bring Me The Horizon
10%
Hear MeImagine Dragons
10%
FencesParamore
10%
Tangled In The Great EscapePierce The Veil
10%
R.I.P. 2 My YouthThe Neighbourhood
10%

Score Distribution

Percentile by Number Answered

Percent of People with Each Score

Your Score History

You have not taken this quiz